000 00447pab a2200169 454500
008 180718b2017 xxu||||| |||| 00| 0 eng d
100 _aBernhard, Michael
245 _aCivil society and income inequality in post-communist Eurasia
260 _c2017
300 _ap.373-390.
362 _aApr
650 _aIncome distribution
650 _aCivil society
700 _aJung, Dong-Joon
773 _aComparative Politics
909 _a114476
999 _c114470
_d114470